<?xml version="1.0" encoding="UTF-8"?>
<marc:record xmlns:marc="http://www.loc.gov/MARC21/slim">
   <marc:leader>00000nam a2200000 a 4500</marc:leader>
   <marc:datafield ind1="1" ind2=" " tag="100">
      <marc:subfield code="a">Jones, Tommy Lee</marc:subfield>
   </marc:datafield>
   <marc:datafield ind1="1" ind2=" " tag="100">
      <marc:subfield code="a">Vikander, Alicia</marc:subfield>
   </marc:datafield>
   <marc:datafield ind1="1" ind2=" " tag="100">
      <marc:subfield code="a">Damon, Matt</marc:subfield>
   </marc:datafield>
   <marc:datafield ind1="1" ind2=" " tag="100">
      <marc:subfield code="a">Greengrass, Paul</marc:subfield>
   </marc:datafield>
   <marc:datafield ind1="0" ind2="0" tag="245">
      <marc:subfield code="a">Jason Bourne [Bildtonträger]</marc:subfield>
   </marc:datafield>
   <marc:datafield ind1="0" ind2="0" tag="245">
      <marc:subfield code="c">Regie: Paul Greengrass. Mit Matt Damon, Alicia Vikander, Tommy Lee Jones ...</marc:subfield>
   </marc:datafield>
   <marc:datafield ind1=" " ind2="1" tag="264">
      <marc:subfield code="b">Universal Pictures</marc:subfield>
      <marc:subfield code="c">2017</marc:subfield>
   </marc:datafield>
   <marc:datafield ind1="1" ind2=" " tag="520">
      <marc:subfield code="a">Eine Finanz- und Wirtschaftskrise hat Staaten wie Griechenland an den Rand des Abgrunds gebracht, weltweite, durch Edward Snowden aufgedeckte Geheimdienstüberwachungen unbescholtener Bürger das Vertrauen in Regierungen gemindert. Dass Bourne nun Hilfe einer Cyber-Spezialistin bekommt, ist also nötiger denn je</marc:subfield>
   </marc:datafield>
   <marc:datafield ind1=" " ind2=" " tag="020">
      <marc:subfield code="a">5053083091859</marc:subfield>
      <marc:subfield code="9">5053083091859</marc:subfield>
   </marc:datafield>
   <marc:datafield ind1=" " ind2=" " tag="500">
      <marc:subfield code="a">Orig. : USA 2016. Sprache: Deutsch (Dolby Digital 5.1), Englisch (Dolby Digital 5.1), Türkisch (Dolby Digital 5.1). Untertitel: Deutsch, Englisch, Arabisch, Hindi, Isländisch, Norwegisch, Schwedisch, Türkisch, Dänisch, Finnisch</marc:subfield>
   </marc:datafield>
   <marc:datafield ind1="0" ind2=" " tag="490">
      <marc:subfield code="v">0</marc:subfield>
   </marc:datafield>
   <marc:datafield ind1=" " ind2=" " tag="300">
      <marc:subfield code="a">1 DVD (118 Min.) : farbig</marc:subfield>
   </marc:datafield>
</marc:record>
